00601nam a2200157Ia 4500008004100000100001900041245012200060245003400182260005300216260000900269300001100278650001500289856004700304999001900351952007300370170221s9999 xx 000 0 und d aGita Sugiyarti aExperiential Marketing Creative Antecedence for Success of Brand Loyalty: The Users of Perfume for Body in Indonesia  cGita Sugiyarti, Hendar Hendar bInternational Review of Management and Marketing c2014 a3 : 1B xMarketing. uhttp://www.econjournals.com/index.php/irmm c313722d313722 001040aCLbCLd2017-02-21l0r2017-02-21 00:00:00w2017-02-21yFOJ